00633nam a22001577a 4500003000900000005001700009008004100026040001300067100001800080245010200098250000600200260002000206300001700226490001200243520022000255IT-RoPau20220918175939.0130128b xxu||||| |||| 00| 0 eng d cIT-RoPau aMerlo , Tecla aLa casa natalebSulle orme della Prima Maestra Tecla Merlo Guida per la lettura e le diapositive aI aRomabFSPc1989 a46 p.c20 cm v2° vol aIndice Introduzione I. L'ambiente II. La famiglia III. L'infanzia e la giovinezza IV. La maturazione vocazionale V. Lo sviluppo storico della Congregazione e dell'apostolato VI. L'interiorità€